000 00817nam a2200181 a 4500
001 000036666
005 20200930075849.0
008 120124s1954 es 000 0 spa d
040 _aDO-SdBNP
_bspa
_cBNPHU
100 1 _aScialoja, Vittorio,
_d1856-1933.
_962943
245 1 0 _aProcedimiento civil romano :
_bejercicio y defensa de los derechos /
_cVittorio Scialoja ; traducción de Santiago Sentis Melendo y Marino Ayerra Redín ; prólogo a la ed. en castellano, por Vincenzo Arangio-Ruiz.
260 _aBuenos Aires :
_bEdiciones Jurídicas Europa-Américana,
_c1954.
300 _a551 p. ;
_c24 cm.
490 1 _aCiencia del proceso
_v25
500 _aIncluye referencias bibliográficas y notas al pie de las páginas
700 1 2 _aSentís Melendo, Santiago,
_dtr.
_962944
830 0 _aCiencia del proceso
_v25
_962945
999 _c36157
_d36157